00748nam a2200205Ia 4500003000900000008004100009020001800050040001600068080001800084245011200102250001200214260004200226300001500268490003100283650003600314700003500350942000700385999001700392952013300409IN-BaIIA211028s9999 xx 000 0 eng d a019 -860752-0 cIIA Library a(038)8.8bKNO 4aThe concise oxford dictionary of quotationscedited by Elizabeth Knowles  a4th ed. aOxfordbOxford University Pressc2003 avii, 547p. aOxford paperback reference aQuotations--Dictionaries930362 aKnowles, Elizabeth, ed.930363 cBK c16384d16384 00104070aBANbBANcGENd2007-02-02eSBS g200.00l0o(038)8.8/ KNOp17306r2021-11-05v200.00w2007-02-02yBKGRs. 200.00